Перспективы использования нанодисперсного w для повышения механических свойтсв Al-Si сплавов; Перспективы развития фундаментальных наук; Т. 1 : Физика

Detaylı Bibliyografya
Parent link:Перспективы развития фундаментальных наук=Prospects of Fundamental Sciences Development: сборник научных трудов XIV Международной конференции студентов, аспирантов и молодых ученых, г. Томск, 25-28 апреля 2017 г./ Национальный исследовательский Томский политехнический университет (ТПУ) ; под ред. И. А. Курзиной, Г. А. Вороновой.— , 2017
Т. 1 : Физика.— 2017.— [С. 432-434]
Yazar: Чумаевский А. В.
Kurumsal yazarlar: Национальный исследовательский Томский политехнический университет (ТПУ) Институт физики высоких технологий (ИФВТ) Кафедра материаловедения и технологии металлов (МТМ), Национальный исследовательский Томский политехнический университет (ТПУ) Институт международного образования и языковой коммуникации (ИМОЯК) Кафедра междисциплинарная (МД)
Diğer Yazarlar: Мартюшев Н. В. Никита Владимирович (научный руководитель), Зыкова А. П. Анна Петровна
Özet:Заглавие с экрана
The studies of the mechanical properties of Al-Si alloys subjected to modification by wolfram nanopowder during casting have been undertaken. It has been established that the content of the wolfram nanopowder in the amount of 0.1 mass.% in the melt leads of silumins to an increase of the tensile strength and the impact toughness on average by 40 %, and the relative elongation - 1.5-2 times.
Dil:Rusça
Baskı/Yayın Bilgisi: 2017
Konular:
Online Erişim:http://earchive.tpu.ru/handle/11683/41504
Materyal Türü: MixedMaterials Elektronik Kitap Bölümü
KOHA link:https://koha.lib.tpu.ru/cgi-bin/koha/opac-detail.pl?biblionumber=622728

MARC

LEADER 00000naa2a2200000 4500
001 622728
005 20231222132229.0
035 |a (RuTPU)RU\TPU\conf\21530 
035 |a RU\TPU\conf\21529 
090 |a 622728 
100 |a 20170705d2017 k y0rusy50 ca 
101 0 |a rus 
102 |a RU 
105 |a y z 100zy 
135 |a drcn ---uucaa 
181 0 |a i  
182 0 |a b 
200 1 |a Перспективы использования нанодисперсного w для повышения механических свойтсв Al-Si сплавов  |d Prospects of using w nanopowders for improving of mechanical properties of Al-Si alloys  |f А. В. Чумаевский, Н. В. Мартюшев  |g науч. рук. А. П. Зыкова 
203 |a Текст  |c электронный 
300 |a Заглавие с экрана 
320 |a [Библиогр.: с. 434 (8 назв.)] 
330 |a The studies of the mechanical properties of Al-Si alloys subjected to modification by wolfram nanopowder during casting have been undertaken. It has been established that the content of the wolfram nanopowder in the amount of 0.1 mass.% in the melt leads of silumins to an increase of the tensile strength and the impact toughness on average by 40 %, and the relative elongation - 1.5-2 times. 
461 1 |0 (RuTPU)RU\TPU\conf\21388  |t Перспективы развития фундаментальных наук  |l Prospects of Fundamental Sciences Development  |o сборник научных трудов XIV Международной конференции студентов, аспирантов и молодых ученых, г. Томск, 25-28 апреля 2017 г.  |o в 7 т.  |f Национальный исследовательский Томский политехнический университет (ТПУ) ; под ред. И. А. Курзиной, Г. А. Вороновой  |d 2017 
463 1 |0 (RuTPU)RU\TPU\conf\21389  |t Т. 1 : Физика  |v [С. 432-434]  |d 2017 
510 1 |a Prospects of using w nanopowders for improving of mechanical properties of Al-Si alloys  |z eng 
610 1 |a труды учёных ТПУ 
610 1 |a электронный ресурс 
610 1 |a дендриты 
610 1 |a нанодисперсные порошки 
610 1 |a ультрадисперсные порошки 
610 1 |a механические свойства 
610 1 |a лазерное легирование 
700 1 |a Чумаевский  |b А. В. 
701 1 |a Мартюшев  |b Н. В.  |c специалист в области материаловедения  |c доцент Томского политехнического университета, кандидат технических наук  |f 1981-  |g Никита Владимирович  |3 (RuTPU)RU\TPU\pers\26537  |9 12231 
702 1 |a Зыкова  |b А. П.  |c физик  |c старший преподаватель, инженер-исследователь Томского политехнического университета, кандидат физико-математических наук  |f 1984-  |g Анна Петровна  |4 727 
712 0 2 |a Национальный исследовательский Томский политехнический университет (ТПУ)  |b Институт физики высоких технологий (ИФВТ)  |b Кафедра материаловедения и технологии металлов (МТМ)  |3 (RuTPU)RU\TPU\col\18689 
712 0 2 |a Национальный исследовательский Томский политехнический университет (ТПУ)  |b Институт международного образования и языковой коммуникации (ИМОЯК)  |b Кафедра междисциплинарная (МД)  |3 (RuTPU)RU\TPU\col\19012 
801 2 |a RU  |b 63413507  |c 20170718  |g RCR 
856 4 |u http://earchive.tpu.ru/handle/11683/41504 
942 |c BK